Memori seorang jeneral : Wan Hashim
| Main Author: | |
|---|---|
| Other Authors: | |
| Format: | Book |
| Published: |
Kuala Lumpur :
Universiti Pertahanan Nasional ,
2017
|
| Subjects: |
MARC
| LEADER | 00000cam a2200000 7i4500 | ||
|---|---|---|---|
| 001 | 0000217136 | ||
| 005 | 20180327.0 | ||
| 020 | |a 9789675985515 | ||
| 090 | 0 | 0 | |a 923.5595 |b WAN |
| 100 | 0 | |a Wan Hashim | |
| 245 | 1 | 0 | |a Memori seorang jeneral : |b Wan Hashim |
| 260 | |a Kuala Lumpur : |b Universiti Pertahanan Nasional , |c 2017 | ||
| 300 | |a 161p. ; |c 23cm. | ||
| 600 | 1 | 0 | |a Mohd Ghazali Haji Che Mat |
| 650 | 0 | |a Heroes |z Malaysia |v Biography | |
| 650 | 0 | |a Military biography |z Malaysia | |
| 700 | 1 | |a Ong, Jessica | |
| 999 | |a 00344968 |b BUKU |c MALAYSIANA |e PERPUSTAKAAN KOMUNITI PETALING JAYA | ||